| 000 | 00399pab a2200169 454500 | ||
|---|---|---|---|
| 008 | 180718b2002 xxu||||| |||| 00| 0 eng d | ||
| 100 | _aBarro, Robert J. | ||
| 245 | _aThe bad news on poverty | ||
| 260 | _c2002 | ||
| 300 | _ap.6. | ||
| 362 | _a12 May | ||
| 650 | _aIndia - Economic conditions | ||
| 650 | _a Poverty - India | ||
| 650 | _aPoverty | ||
| 773 | _aEconomic Times | ||
| 909 | _a53455 | ||
| 999 |
_c53455 _d53455 |
||